Southville International School and Colleges
Your cart is empty.
  • Cart
  • Lists
    Public lists list_1 View all
    Your lists Log in to create your own lists
  • Log in to your account
  • Your cookies
  • Search history
Southville International School and Colleges
  • Advanced search
  • Recent comments
  • Most popular
  • Libraries

Log in to your account

Log in with GOOGLE


If you do not have an external account, but do have a local account, you can still log in:

  1. Home
  2. MARC view: A guide to radiological procedures /
Normal view MARC view ISBD view

A guide to radiological procedures / (Record no. 13940)

[ view plain ]
MARC details
000 -LEADER
fixed length control field 01269cam a22003614a 4500
001 - CONTROL NUMBER
control field 12160584
003 - CONTROL NUMBER IDENTIFIER
control field OSt
005 - DATE AND TIME OF LATEST TRANSACTION
control field 20140310182513.0
008 - FIXED-LENGTH DATA ELEMENTS--GENERAL INFORMATION
fixed length control field 000831s2001 stka b 001 0 eng
010 ## - LIBRARY OF CONGRESS CONTROL NUMBER
LC control number 00046319
020 ## - INTERNATIONAL STANDARD BOOK NUMBER
International Standard Book Number 0702025658
035 ## - SYSTEM CONTROL NUMBER
System control number (DNLM)100963792
040 ## - CATALOGING SOURCE
Original cataloging agency DNLM/DLC
Transcribing agency DLC
Modifying agency DLC
042 ## - AUTHENTICATION CODE
Authentication code pcc
050 00 - LIBRARY OF CONGRESS CALL NUMBER
Classification number RC 78
Item number .G946 2009
060 10 - NATIONAL LIBRARY OF MEDICINE CALL NUMBER
Classification number WN 160
Item number G946 2001
082 00 - DEWEY DECIMAL CLASSIFICATION NUMBER
Classification number 616.07/57
100 ## - MAIN ENTRY--PERSONAL NAME
Personal name Stephen Chapman
9 (RLIN) 9115
245 02 - TITLE STATEMENT
Title A guide to radiological procedures /
Statement of responsibility, etc edited by Stephen Chapman and Richard Nakielny.
250 ## - EDITION STATEMENT
Edition statement 4th ed.
260 ## - PUBLICATION, DISTRIBUTION, ETC. (IMPRINT)
Place of publication, distribution, etc Edinburgh ;
-- New York :
Name of publisher, distributor, etc W.B. Saunders,
Date of publication, distribution, etc 2001.
300 ## - PHYSICAL DESCRIPTION
Extent 388 p. :
Other physical details ill. ;
Dimensions 22 cm.
504 ## - BIBLIOGRAPHY, ETC. NOTE
Bibliography, etc Includes bibliographical references and index.
650 #0 - SUBJECT ADDED ENTRY--TOPICAL TERM
Topical term or geographic name as entry element Radiology, Medical.
9 (RLIN) 8647
650 12 - SUBJECT ADDED ENTRY--TOPICAL TERM
Topical term or geographic name as entry element Radiography.
9 (RLIN) 7328
650 22 - SUBJECT ADDED ENTRY--TOPICAL TERM
Topical term or geographic name as entry element Technology, Radiologic.
9 (RLIN) 7487
700 1# - ADDED ENTRY--PERSONAL NAME
Personal name Chapman, Stephen,
Dates associated with a name 1953-
9 (RLIN) 9116
700 1# - ADDED ENTRY--PERSONAL NAME
Personal name Nakielny, Richard
9 (RLIN) 9117
906 ## - LOCAL DATA ELEMENT F, LDF (RLIN)
a 7
b cbc
c orignew
d 1
e ocip
f 20
g y-gencatlg
942 ## - ADDED ENTRY ELEMENTS (KOHA)
Source of classification or shelving scheme Library of Congress Classification
Koha item type
Holdings
Withdrawn status Lost status Source of classification or shelving scheme Damaged status Home library Current library Shelving location Date acquired Total Checkouts Full call number Barcode Date last seen Date checked out Copy number Price effective from Koha item type
    Library of Congress Classification   South SEED-LPDH College Library South SEED-LPDH College Library South SEED-LPDH College Section 08/08/2013 1 RC 78 .G946 2009 SSLC0083 05/15/2018 04/14/2015 1 11/06/2013 Books

A guide to radiological procedures /

APA

Stephen Chapman, Chapman S. & Nakielny R. (2001). A guide to radiological procedures. Edinburgh: W.B. Saunders.

Chicago

Stephen Chapman, Chapman Stephen and Nakielny Richard. 2001. A guide to radiological procedures. Edinburgh: W.B. Saunders.

Harvard

Stephen Chapman, Chapman S. and Nakielny R. (2001). A guide to radiological procedures. Edinburgh: W.B. Saunders.

MLA

Stephen Chapman, Chapman Stephen and Nakielny Richard. A guide to radiological procedures. Edinburgh: W.B. Saunders. 2001.

  • Place hold
  • Print
  • Cite
  • Add to your cart (remove)
  • Save record
    BIBTEX Dublin Core MARCXML MARC (non-Unicode/MARC-8) MARC (Unicode/UTF-8) MARC (Unicode/UTF-8, Standard) MODS (XML) RIS
  • More searches
    Search for this title in:
    Other Libraries (WorldCat) Other Databases (Google Scholar) Online Stores (Bookfinder.com) Open Library (openlibrary.org)

Exporting to Dublin Core...

SOUTHVILLE LIBRARY

Southville International School and Colleges Library

1281 Tropical Ave. Cor. Luxembourg St., BF Homes International, Las Pinas City

Tel. No. 8256374 / 252358 Loc. 117/146

Powered by Koha